000 00497nam a2200193Ia 4500
003 GCL
008 140319s9999 xx 000 0 eng d
040 _aGCL /
_cGCL
082 0 4 _a330.91732
_bH U
100 1 _aHARVEY, JACK
245 1 0 _aURBAN LAND ECONOMICS, 3RD ED /
_cHARVEY, JACK
260 _a[S.N] :
_bMACMILLAN PRESS LTD ،
_c1992
300 _a437 P
650 0 4 _aECONOMICS
650 0 4 _aMARKETING
650 0 4 _aURBAN ECONOMICS
650 0 4 _aECONOMICS EFFICIENCY
942 _2ddc
_cBK
999 _c23700
_d23700